| 000 | 00696nam a2200253 i 4500 | ||
|---|---|---|---|
| 999 |
_c20768 _d20768 |
||
| 001 | 4652829 | ||
| 003 | BDDh-ASL | ||
| 005 | 20231015025931.0 | ||
| 008 | 791212s1956 enkaf 000 0 eng | ||
| 010 | _a 79320642 | ||
| 015 | _aGB78-37495 | ||
| 020 |
_a071391131X : _c£8.95 |
||
| 040 |
_aDLC _cDLC _dDLC |
||
| 041 | 1 | _aengara | |
| 050 | 0 | 0 |
_aBP109 _b.K45 1978 |
| 082 | 0 | 0 |
_a297.12 _bQOK |
| 130 | _aKoran. English. | ||
| 245 | 0 | 4 |
_aThe Koran / _ca translation by N. J. Dawood. |
| 260 |
_aLondon : _bAllen Lane, _c1956. |
||
| 300 |
_a426 p., 32 p. of plates : _bcol. ill. ; _c18 cm. |
||
| 700 | 1 | _aDawood, N. J. | |
| 906 |
_a7 _bcbc _corignew _d3 _encip _f19 _gy-gencatlg |
||
| 942 |
_2ddc _cBK |
||